Hepatobiliary and Pancreatic Cancer

This book describes the pathways of dissemination of primary liver, biliary, and pancreatic neoplasms and proposes a practical and clinically driven approach to their imaging. The typical dissemination pathways for hepatocellular carcinoma, cholangiocarcinoma, exocrine pancreatic carcinoma, and neur...

Celý popis

Uloženo v:
Podrobná bibliografie
Médium: Elektronický zdroj E-kniha
Jazyk:angličtina
Vydáno: Cham : Springer International Publishing, 2018.
Vydání:1st ed. 2018.
Edice:Cancer Dissemination Pathways,
Témata:
ISBN:9783319502960
ISSN:2510-3474
On-line přístup: Získat plný text
Tagy: Přidat tag
Žádné tagy, Buďte první, kdo vytvoří štítek k tomuto záznamu!

MARC

LEADER 00000nam a22000005i 4500
003 SK-BrCVT
005 20220618120620.0
007 cr nn 008mamaa
008 180226s2018 gw | s |||| 0|eng d
020 |a 9783319502960 
024 7 |a 10.1007/978-3-319-50296-0  |2 doi 
035 |a CVTIDW10025 
040 |a Springer-Nature  |b eng  |c CVTISR  |e AACR2 
041 |a eng 
245 1 0 |a Hepatobiliary and Pancreatic Cancer  |h [electronic resource] /  |c edited by Daniele Regge, Giulia Zamboni. 
250 |a 1st ed. 2018. 
260 1 |a Cham :  |b Springer International Publishing,  |c 2018. 
300 |a X, 122 p. 134 illus., 30 illus. in color.  |b online resource. 
490 1 |a Cancer Dissemination Pathways,  |x 2510-3474 
500 |a Medicine  
505 0 |a Preface -- Introduction -- Morphopathological (and genetic?) drivers of cancer spread -- Pathways of diffusion: the anatomy -- Hepatocellular carcinoma -- Cholangiocarcinoma -- Exocrine pancreatic carcinoma -- Neuroendocrine pancreatic tumours -- Unusual dissemination pathways -- Concluding remarks. 
516 |a text file PDF 
520 |a This book describes the pathways of dissemination of primary liver, biliary, and pancreatic neoplasms and proposes a practical and clinically driven approach to their imaging. The typical dissemination pathways for hepatocellular carcinoma, cholangiocarcinoma, exocrine pancreatic carcinoma, and neuroendocrine pancreatic tumors are systematically reviewed, and more unusual pathways are also documented. The content is presented in an extremely schematic way, with numerous high-quality graphical illustrations and multimodality images (US, CT, MRI, and PET) that are accompanied by clear explanatory text. The clinical significance of findings and potential therapeutic options are explained whenever appropriate. In addition, relevant background information is provided on the role of morphopathological drivers of cancer spread and anatomy. 
650 0 |a Radiology. 
650 0 |a Oncology . 
650 0 |a Gastroenterology . 
650 0 |a Abdominal surgery. 
856 4 0 |u http://hanproxy.cvtisr.sk/han/cvti-ebook-springer-eisbn-978-3-319-50296-0  |y Vzdialený prístup pre registrovaných používateľov 
910 |b ZE07305 
919 |a 978-3-319-50296-0 
974 |a andrea.lebedova  |f Elektronické zdroje 
992 |a SUD 
999 |c 275373  |d 275373